The one and only law of winning

Bibliographic Details
Main Author: Wheeler, Bern
Format: Book
Published: London : Kogan Page , 1991
Subjects:

MARC

LEADER 00000cam a2200000 7i4500
001 0000003886
005 20050616.0
020 |a 0749404531 
040 |a INS 
090 0 0 |a BJ16112.   |b W45 1991 
100 1 |a Wheeler, Bern 
245 1 4 |a The one and only law of winning   |c Bern Wheeler 
260 |a London :   |b Kogan Page ,   |c 1991 
300 |a 150p ;   |c 21cm. 
650 0 0 |a Self confidence 
650 0 0 |a Success 
999 |a 0000004451   |b BOOK   |c Open Shelf   |e Default branch